| 000 | 00928nac a22002531u 4500 | ||
|---|---|---|---|
| 010 | _a 89000404 | ||
| 020 | _a055305709X | ||
| 082 | 0 | 0 |
_a634.7 _bBER |
| 090 |
_c8488 _d8488 |
||
| 100 | _aForsell, Mary. | ||
| 245 | 1 | 0 |
_aThe Berry garden : _bcultivation, decoration, and recipes / _ctext by Mary Forsell ; photographs by Tony Cenicola ; foreword by Rosemary Verey ; design by Liz Trovato. |
| 260 |
_aNew York : _bBantam Books,1989 _cc1989. |
||
| 300 |
_a256 p. : _bcol. ill. ; _c25 cm. |
||
| 500 | _aIncludes indexes. | ||
| 500 | _adistributer: Al-Ahram | ||
| 504 | _aBibliography: p. 241-243. | ||
| 511 | _acatalogued by: Al-Ahram | ||
| 650 | 0 | _aBerries. | |
| 650 | 0 | _aOrnamental berries. | |
| 650 | 0 | _aCookery (Berries) | |
| 700 | 1 | _aCenicola, Tony. | |
| 942 |
_cBB _k634.7BER |
||
| 999 |
_c8488 _d8488 |
||